El texto como caos: El contenido apocalíptico del subjuntivo "caminemos" en Romanos 6,4 c. /
Gardado en:
| Autor Principal: | |
|---|---|
| Formato: | Libro |
| Idioma: | Spanish |
| Publicado: |
Heredia,Costa Rica:
SEBILLA,
2003.
|
| Materias: | |
| Etiquetas: |
Engadir etiqueta
Sen Etiquetas, Sexa o primeiro en etiquetar este rexistro!
|
MARC
| LEADER | 00000nam a22000007a 4500 | ||
|---|---|---|---|
| 008 | 180525b xxu||||| |||| 00| 0 spa d | ||
| 020 | |a 9977958076 | ||
| 041 | 0 | |a spa | |
| 082 | 0 | 4 | |a 230 |b M534t |
| 100 | 1 | 0 | |a Mena Oreamuno, Francisco |
| 245 | 1 | 3 | |a El texto como caos: |b El contenido apocalíptico del subjuntivo "caminemos" en Romanos 6,4 c. / |c Francisco Mena Oreamuno |
| 260 | 1 | |a Heredia,Costa Rica: |b SEBILLA, |c 2003. | |
| 300 | |a 201 páginas | ||
| 650 | 0 | 4 | |a BIBLIA |x TEOLOGIA |
| 650 | 0 | 4 | |a TEORIA DEL CAOS |
| 942 | |2 ddc |c BK | ||
| 999 | |c 21998 |d 21998 | ||



